000
00348nam a2200145Ia 4500
008
100122s9999 xx 000 0 und d
082
_b
3584
_a
823
100
_a
GLYDER J
245
_a
THE COMPULSORY WIFE
260
_b
HERBERT JENKINS
_c
1941
300
_a
312
630
_a
THE COMPULSORY WIFE
730
_a
THE COMPULSORY WIFE
942
_c
BOOK
999
_c
442959
_d
442956